Sorolla and America (Record no. 7810)
[ view plain ]
| 000 -CABECERA | |
|---|---|
| campo de control de longitud fija | 01021nam a2200241 a 4500 |
| 001 - NÚMERO DE CONTROL | |
| campo de control | BRCA_8142 |
| 005 - FECHA Y HORA DE LA ÚLTIMA TRANSACCIÓN | |
| campo de control | 20190320210141.0 |
| 008 - DATOS DE LONGITUD FIJA--INFORMACIÓN GENERAL | |
| campo de control de longitud fija | 250414s2013----u--a######---#000-0#eng-# |
| 020 ## - NÚMERO INTERNACIONAL ESTÁNDAR DEL LIBRO | |
| Número Internacional Estándar del Libro | 9786078310012 |
| 041 ## - CÓDIGO DE LENGUA | |
| Código de lengua del texto/banda sonora o título independiente | eng |
| 044 ## - CÓDIGO DEL PAÍS DE LA ENTIDAD EDITORA/PRODUCTORA | |
| Código MARC del país | u |
| 050 #4 - SIGNATURA TOPOGRÁFICA DE LA BIBLIOTECA DEL CONGRESO | |
| Número de clasificación | ND813.S6 |
| Número de documento/Ítem | .S67 2013 |
| 245 10 - MENCIÓN DE TÍTULO | |
| Título | Sorolla and America |
| Mención de responsabilidad, etc. | edited by Blanca Pons-Sorolla, Mark A. Roglán. |
| 260 ## - PUBLICACIÓN, DISTRIBUCIÓN, ETC. | |
| Lugar de publicación, distribución, etc. | Madrid |
| Nombre del editor, distribuidor, etc. | El Viso |
| Fecha de publicación, distribución, etc. | 2013 |
| 300 ## - DESCRIPCIÓN FÍSICA | |
| Extensión | 339 p. |
| Otras características físicas | il. (algunas a color) |
| Dimensiones | 33 cm. |
| 500 ## - NOTA GENERAL | |
| Nota general | Incluye índice alfabético |
| 500 ## - NOTA GENERAL | |
| Nota general | Catálogo de la exposición realizada en Meadows Museum Southern Methodist University (Dallas, Texas), 13 diciembre 2013 - 19 abril 2014; en The San Diego Museum of Art (San Diego, California), 30 mayo - 26 agosto, 2014 y finalmente en la Fundación MAPFRE (Madrid), 23 septiembre 2014 - 11 enero 2015 |
| 504 ## - NOTA DE BIBLIOGRAFÍA, ETC. | |
| Nota de bibliografía, etc. | Bibliografía: p.320-332 |
| 600 14 - PUNTO DE ACCESO ADICIONAL DE MATERIA--NOMBRE DE PERSONA | |
| Nombre de persona | Sorolla, Joaquín |
| Fechas asociadas al nombre | 1863-1923 |
| Subdivisión de forma | Catálogos |
| 9 (RLIN) | 2380 |
| 700 1# - PUNTO DE ACCESO ADICIONAL--NOMBRE DE PERSONA | |
| Nombre de persona | Pons-Sorolla, Blanca |
| Término indicativo de función/relación | ed. |
| 9 (RLIN) | 20286 |
| 700 1# - PUNTO DE ACCESO ADICIONAL--NOMBRE DE PERSONA | |
| Nombre de persona | Roglán, Mark A. |
| Término indicativo de función/relación | ed. |
| 9 (RLIN) | 20287 |
| 942 ## - ELEMENTOS DE PUNTO DE ACCESO ADICIONAL (KOHA) | |
| Fuente del sistema de clasificación o colocación | Library of Congress Classification |
| Tipo de ítem Koha | Libros |
| Estado de retiro | Estado de pérdida | Estado dañado | No para préstamo | Localización permanente | Ubicación/localización actual | Fecha de adquisición | Total de préstamos | Signatura topográfica completa | Código de barras | Fecha visto por última vez | Precio válido a partir de | Tipo de ítem Koha |
|---|---|---|---|---|---|---|---|---|---|---|---|---|
| El ejemplar forma parte de la colección y puede ser consultado según las políticas vigentes. | Biblioteca del Museo Franz Mayer (Rogerio Casas-Alatriste) | Biblioteca del Museo Franz Mayer (Rogerio Casas-Alatriste) | 25/04/2014 | ND813.S6 .S67 2013 | 02811 | 22/03/2019 | 22/03/2019 | Libros |